The rating of licensed houses. A report of the proceedings in George Cartwright V. The Guardians of the Poor of the Sculcoates Union, in the City and County of Kingston-upon-Hill (Record no. 87286)

MARC details
000 -LEADER
fixed length control field 00543cam a2200169 4500
001 - CONTROL NUMBER
control field D14412
008 - FIXED-LENGTH DATA ELEMENTS--GENERAL INFORMATION
fixed length control field 090401t1900 xxu||||| |||| 00| 0 eng d
035 ## - SYSTEM CONTROL NUMBER
System control number (Sirsi) u15518
041 ## - LANGUAGE CODE
Language code of text/sound track or separate title eng
100 ## - MAIN ENTRY--PERSONAL NAME
Personal name Wellsted, William H
245 #4 - TITLE STATEMENT
Title The rating of licensed houses. A report of the proceedings in George Cartwright V. The Guardians of the Poor of the Sculcoates Union, in the City and County of Kingston-upon-Hill
260 ## - PUBLICATION, DISTRIBUTION, ETC.
Place of publication, distribution, etc. London
Name of publisher, distributor, etc. A Brown & Sons
Date of publication, distribution, etc. 1900
350 ## - PRICE (NR) (BK AM CF MU VM SE) [OBSOLETE]
Price 0
520 ## - SUMMARY, ETC.
Summary, etc. Shelf 137
942 ## - ADDED ENTRY ELEMENTS (KOHA)
Suppress in OPAC 0
948 ## - LOCAL PROCESSING INFORMATION (OCLC); SERIES PART DESIGNATOR (RLIN)
c (OCLC) 04/03/1997
Holdings
Withdrawn status Lost status Source of classification or shelving scheme Damaged status Not for loan Home library Current library Shelving location Date acquired Total Checkouts Full call number Barcode Date last seen Copy number Price effective from Koha item type
    Dewey Decimal Classification     London London Basement 14/09/1999   SHELF 137 30015264 06/08/2019 1 06/08/2019 Reference material